000 01322nam0a2200325 4500
001 RU\NLR\bibl\1930679
005 20260408084322.0
010 _a978-5-91121-037-3
_910000
021 _aRU
_b2012-50157
_93668
035 _a(NLR Aleph) 001920036
090 _a3293574
_c3293574
100 _a20120801d2010 |||y0rusy50 ca
101 0 _arus
102 _aRU
105 _aa |||||||||
200 1 _aМир Будды
_fБуд. ун-т "Даши Чойнхорлин им. Д.Д. Заяева"
_g[авт.-сост.: Б.Ч. Ванданов и др.
_gредкол.: О.Д. Жигжитов и др.]
210 _aУлан-Удэ
_cНоваПринт
_d2010
215 _a73,[1] с.
_cцв. ил.
_d30
686 _aШ9
_bЭ
702 1 _aВанданов
_bБ. Ч.
_4220
702 0 _4570
_8rus
_7ca
_aБудда
_3RU\NLR\AUTH\7712045
_9121776
702 1 _aЖигжитов
_bО.Д.
_gОлег Дмитриевич
_4340
712 0 2 _4570
_a"Даши Чойнхорлин им Д. Д. Заяева", буддийский университет
_cс. Верхняя Иволга, Республика Бурятия
_3RU\NLR\AUTH\8810225747
_9336041
801 0 _aRU
_bNLR
_c20120801
_gRCR
801 1 _aRU
_bNLR
_c20120801
830 _aред. по кн.
942 _cBOOK
980 _aNB